000 00252nam a2200109Ia 4500
008 190216s9999||||xx |||||||||||||| ||und||
100 _aHanson J L
245 0 _aDictionary Of Economics And Commerce
260 _bElbs
650 _aEconomics
942 _cBK
999 _c9317
_d9317